LEADER 01137nam a2200277 i 4500 001 000000131311 003 CaOOAMICUS 005 20041112000000.0 008 041112s2004 fr u000 u mul u 013 $a104183 020 $a2-204-07739-9 040 $aSeMil$bita 100 0 $aTiconius,$d.$0(OLS)http://semarc/name/54273 245 13$aLe Livre des Règles /$cTyconius ; Introduction, traduction et notes par Jean-Marc Vercruysse. 260 $aParis :$bLes Éditions du Cerf,$c2004. 300 $a410 p. ;$c20 cm. 490 0 $aSources Chrétiennes ;$v488. 500 $aTesto latino a fronte. 700 1 $aVercruysse, Jean-Marc,$d<1960- >.$0(OLS)http://semarc/name/54274 830 0$aSources chrétiennes ;$v488.$0(OLS)http://semarc/title/72 850 $aSeMil 852 $aSeMil$W1$xVenegono$y1$mSL1.T IX 488$j85292$B85292$CSeMilBibl$Z2$F88960 $8I 961 $aSottoscrizione: SODIS 996 $6020$a2-204-07739-9$9(OLS)http://semarc/number/118254 996 $6245$aLe Livre des Règles$9(OLS)http://semarc/title/193231 996 $6260$aParis :$bLes Éditions du Cerf$9(OLS)http://semarc/publisher/29611 LEADER 01248nam a2200253 i 4500 001 000000161546 003 CaOOAMICUS 005 20070521000000.0 008 070521s1967 it u000 u ita u 013 $a138909 040 $aSeMil$bita 245 13$aIl ricordo del dott. prof. Giuseppe Moscati dell'Università di Napoli nel 40. dalla morte :$b12 aprile 1927 - 1967. 246 04$iTitolo in copertina:$aGiuseppe Moscati nel ricordo dei suoi contemporanei 260 $a[S.l. :$bs.n.],$cstampa 1967$e(Napoli :$fFrancesco Giannini & Figli ,$gstampa 1967) 300 $a155 p., [7] c. di tav. ;$c22 cm. 500 $aFondo Card. Giovanni Colombo. 600 14$aMoscati, Giuseppe .$0(OLS)http://semarc/subject/16300 850 $aSeMil 852 $aSeMil$W1$xVenegono$y1$m3J III 329$j112935$B112935$CSeMilBibl$Z2$F124494 $81 941 1 $a3 961 $aLascito: Colombo Card. Giovanni 996 $6245$aIl ricordo del dott. prof. Giuseppe Moscati dell'Università di Napoli nel 40. dalla morte :$b12 aprile 1927 - 1967$9(OLS)http://semarc/title/144694 996 $6246$aGiuseppe Moscati nel ricordo dei suoi contemporanei$9(OLS)http://semarc/title/144695 996 $6260$a[S.l. :$bs.n.]$9(OLS)http://semarc/publisher/29751 LEADER 00392nab a2200133 i 4500 001 000000272278 003 CaOOAMICUS 005 20180831164916.0 008 180831n xx uu u0 0und r 013 $a19729 040 $aSeMil$bita 245 10$a[vedi periodico]. 773 0 $t2009 : [2].$dPisa ; Roma : Fabrizio Serra, copyr. 2009.$w()184418 996 $6245$a[vedi periodico]$9(OLS)http://semarc/title/309439 LEADER 01467nam a2200241 i 4500 001 000000241391 003 CaOOAMICUS 005 20150430000000.0 008 150430s1793 it u000 u ita u 013 $a220296 026 $alau- livi s.nc cule (3) 1793 (Q) 040 $aSeMil$bita 245 10$aOmelia dall'illustrissimo e reverendissimo monsignore fr. Adeodato Turchi ... diretta al suo popolo nel giorno di Pentecoste dell'anno 1793. Sopra la libertà cristiana. 260 $aParma :$bDalla Stamperia Reale,$c1793. 300 $a[2], 40 p. ;$c4º. 500 $aData di stampa presunta, 1793, nel tit. - Stemma del Turchi a p. 1. - Vignetta xilogr. sul front. 700 1 $aTurchi, Adeodato .$0(OLS)http://semarc/name/5422 710 2 $aStamperia reale$b.$0(OLS)http://semarc/name/3029 773 0 $aTurchi, Adeodato $t[Omelie, lettere pastorali, indulti, ecc. di monsignor Fr. Adeodato Turchi ...].$dParma : Dalla Stamperia vescovile di Marco Rossi, e Andrea Ubaldi, 1789.$w()11210 850 $aSeMil 852 $aSeMil$W1$xVenegono$y1$m3F VI 5/10 FA$j191737$B191737$CSeMilBibl$Z2$F202540 $8I 996 $6245$aOmelia dall'illustrissimo e reverendissimo monsignore fr. Adeodato Turchi ... diretta al suo popolo nel giorno di Pentecoste dell'anno 1793. Sopra la libertà cristiana$9(OLS)http://semarc/title/343005 996 $6260$aParma :$bDalla Stamperia Reale$9(OLS)http://semarc/publisher/31459 LEADER 00804nam a2200181 i 4500 001 000000021023 003 CaOOAMICUS 005 20180830125445.0 008 180830s1965 fr u000 u und u 040 $aSeMil$bita 245 13$aLe saint Siège et la guerre en Europe. 260 $aCittà del Vaticano :$bLibreria Editrice Vaticana,$c1965-1967. 300 $av. ;$c25 cm. 773 0 $tActes et documents du Saint Siege relatifs à la seconde guerre mondiale.$dCittà del Vaticano : Libreria Editrice Vaticana, 1965-1981.$w()9625 774 0 $tMars 1939 - Août 1940.$w()85410 774 0 $tJuin 1940 - Juin 1941.$w()178659 996 $6245$aLe saint Siège et la guerre en Europe$9(OLS)http://semarc/title/27768 996 $6260$aCittà del Vaticano :$bLibreria Editrice Vaticana$9(OLS)http://semarc/publisher/29734 LEADER 01098nam a2200229 i 4500 001 000000192483 003 CaOOAMICUS 005 20100920000000.0 008 100920s1923 it u000 u ita u 013 $a171062 040 $aSeMil$bita 100 1 $aLazzeri, Zeffirino.$0(OLS)http://semarc/name/62698 245 13$aLa leggenda dei tre compagni :$btesto senese inedito del 15. secolo /$cAppendice e discussione critica del P. Z. Lazzeri O. F. M ; Illustrazioni di Alaide Vanzetti. 260 $aFirenze :$bGiulio Giannini & Figlio,$ccopyr. 1923. 300 $aIX, 168 p. :$bill. ;$c19 cm. 500 $aContiene : Appendice. 600 04$aFrancesco : d'Assisi .$0(OLS)http://semarc/subject/1416 700 1 $aVanzetti, Alaide.$0(OLS)http://semarc/name/62699 850 $aSeMil 852 $aSeMil$W1$xVenegono$y1$m3J II 69$j143058$B143058$CSeMilBibl$Z2$F154427 $81 996 $6245$aLa leggenda dei tre compagni :$btesto senese inedito del 15. secolo$9(OLS)http://semarc/title/277415 996 $6260$aFirenze :$bGiulio Giannini & Figlio$9(OLS)http://semarc/publisher/33916 LEADER 00833nam a2200217 i 4500 001 000000128164 003 CaOOAMICUS 005 20040719000000.0 008 040719s1966 it u000 u ita u 013 $a100886 040 $aSeMil$bita 245 10$aGiovanni Pisano. 260 $aMilano :$bFratelli Fabbri Editori,$ccopyr. 1966. 300 $a1 fasc. :$bill., tav. ;$c36 cm. 490 0 $aI maestri della scultura ;$v2.[1] 650 4$aPisano, Giovanni.$0(OLS)http://semarc/subject/22366 830 2$aI maestri della scultura ;$v2.[1].$0(OLS)http://semarc/title/15794 850 $aSeMil 852 $aSeMil$W1$xVenegono$y1$m5J VII 1/2$j82394$B82394$CSeMilBibl$Z2$F84710 $81 996 $6245$aGiovanni Pisano$9(OLS)http://semarc/title/189376 996 $6260$aMilano :$bFratelli Fabbri Editori$9(OLS)http://semarc/publisher/29845 LEADER 01104nam a2200241 i 4500 001 000000128488 003 CaOOAMICUS 005 20040726000000.0 008 040726s1966 it u000 u ita u 013 $a101215 040 $aSeMil$bita 245 13$aLa pittura barocca /$csaggio introduttivo di Anna Ottani Cavina. 300 $a1 v. :$bill. 490 0 $aI maestri del colore : la più grande collana d'arte del mondo ;$v267 650 4$aPittura europea - Sec. 17.$0(OLS)http://semarc/subject/25391 650 4$aPittura barocca.$0(OLS)http://semarc/subject/25392 650 4$aPittura italiana - Sec. 17.$0(OLS)http://semarc/subject/2737 700 1 $aOttani Cavina, Anna.$0(OLS)http://semarc/name/53459 773 0 $tStoria della pittura.$dMilano : Fabbri, copyr. 1966-copyr. 1969.$gVolume17$w()11031 830 2$aI maestri del colore : la più grande collana d'arte del mondo ;$v267.$0(OLS)http://semarc/title/2091 850 $aSeMil 852 $aSeMil$W1$xVenegono$y1$m5H XII 11/267$j82712$B82712$CSeMilBibl$Z2$F85060 $81 996 $6245$aLa pittura barocca$9(OLS)http://semarc/title/189923